Celebrities Jogging Quiz Stats

 Plays Quiz not verified by Sporcle

Challenge
Share
Tweet
Score 0/20 Timer 08:00
0 Plays Today
% Correct
Will Ferrell
83.6%
Adam Sandler
81.4%
Gordon Ramsay
72.7%
Ricky Gervais
69%
Katie Holmes
68.7%
Tom Hanks
68.7%
Jake Gyllenhaal
63.2%
Channing Tatum
59.9%
Mario Lopez & Meb Keflezighi
54.8%
Reese Witherspoon & Jim Toth
54.8%
% Correct
Puff Daddy
49.7%
Al Roker
48.8%
Kelly Ripa
46.3%
Matthew McConaughey
44.8%
Sean Astin
44.3%
Alanis Morissette
40.8%
Heidi Klum
31.5%
Renee Zellweger
28.6%
Julie Bowen
27.1%
Pippa Middleton
9.3%

You're not logged in!

Compare scores with friends on all Sporcle quizzes.
Join for Free
OR
Log In

You Might Also Like...

Show Comments

Extras

Top Quizzes Today


Score Distribution

Your Account Isn't Verified!

In order to create a playlist on Sporcle, you need to verify the email address you used during registration. Go to your Sporcle Settings to finish the process.

Report this User

Report this user for behavior that violates our Community Guidelines.

Details: